Регионална библиотека "Любен Каравелов" - Русе

Самотният остров на Муминтрол (Запис номер 211951)

MARC детайли
000 -Лидер
Контролно поле с фиксирана дължина 01712nkm a2200421 c 4500
003 - Код на организацията, давaща контролен номер
Контролно поле BLK
005 - Дата и час на последна редакция
Контролно поле 20250307113307.0
008 - Елементи от данни с фиксирана дължина
fixed length control field 180413b bul rap|r|||| r0| ||bulo|
010 ## - Наследен системен номер
LC control number KNG00198409000
020 ## - Международен стандартен номер на книга ISBN
Международен стандартен номер на книга ISBN 978-619-7339-03-1
040 ## - Източник на каталожния запис
Идентификатор на билиотеката - собственик на записа BLK
041 ## - Код за език
Код за езика на текст/звукозапис или на отделно заглавие Български
Код за езика КДБФ Български
072 #7 - Код за тематичната категория
Код организация bullib
Код за тематична категория Н85
Текст Детска художествена литература Н
080 ## - УДК
Текстов определител УДК Финландска литература
УДК код - определител по УДК 821.511.111
УДК определител -93-32
УДК - код + определител 821.511.111-93-32
080 ## - УДК
Текстов определител УДК Карикатура. Комикс
УДК код - определител по УДК 741.5
УДК определител (02.053.2)
УДК - код + определител 741.5(02.053.2)
100 1# - Редна дума - Автор
Автор Янсон, Туве
Авторска отговорност първи автор
R(LIN) 365645
139 ## - Редно поле
Редна дума Янсон, Туве
Авторски знак Янсо - Я 67
245 10 - Сведения за заглавието
Заглавие Самотният остров на Муминтрол
Редно поле (дума) Туве Янсон; прев. Анелия Георгиева Петрунова.
257 ## - Страна на издаване
Страна на създаване/издаване България
260 ## - Област на издателските данни
Име на издателя, разпространителя и проч. Пурко
Година на издаване 2016
300 ## - Физическа характеристика
Страници 44 с.
Илюстрации и др. с ил.
Размери/Мащаб 16Х22 см
380 ## - Жанр
Жанр Детска худож. лит.
490 1# - СЕРИИ (Колекции)
Име на серия Комикс поредица Мумините
№: серия История 3
500 ## - Общи забележки
Забележка Прев. от англ. изд. Moomin's Desert Island / Tove Jansson. - Съдържа и за авт.
650 #4 - Допълнително описание по предмет – тема
Основно описание – тема или топоним Комикси - издания за деца
9 (RLIN) 282145
653 ## - Ключова дума – ненормативна
Ключова дума комикси
653 ## - Ключова дума – ненормативна
Ключова дума литература за деца
653 ## - Ключова дума – ненормативна
Ключова дума детска литература
659 ## - Тематичен бюлетин
Тематичен бюлетин Н
700 1# - Други автори (авторска отговорност)
Лично име Петрунова, Анелия Георгиева, 1977-
9 (RLIN) 110375
852 ## - Местоположение
Форматна сигнатура Цб І 39123
856 4# - Електронен адрес и достъп
Електронен формат pdf - файл
Път до файла /url/
856 4# - Електронен адрес и достъп
Електронен формат pdf - файл
Път до файла /url/
999 ## - СИСТЕМНИ КОНТРОЛНИ НОМЕРА
Koha biblionumber 211951
Koha biblioitemnumber 211951
942 ## - АРТИКУЛИ
Вид на библиотечния материал Графични издания
Скрит в OPAC Не
Koha issues (borrowed), all copies 11
Периодичен библиозапис Да
944 ## - СЪЗДАВАНЕ И РЕДАКЦИЯ на ЗАПИСА
Създаване/Редакция Създаване
Дата на регистрацията/редакция 16.12.2016
Статус, дата на статуса Бояна Костадинова
Служител, извършил регистрацията/редакцията 30551
944 ## - СЪЗДАВАНЕ И РЕДАКЦИЯ на ЗАПИСА
Създаване/Редакция Редакция
Дата на регистрацията/редакция 03.01.2018
Статус, дата на статуса ф /
Служител, извършил регистрацията/редакцията Пенка_Димитрова
999 ## - СИСТЕМНИ КОНТРОЛНИ НОМЕРА
Koha biblioitemnumber 211951
Наличности
Код за отписване Код за изгубен артикул Източник на класификационната схема Код за повреда Коз за рестрикции Код за отдаване Артикулен № Име на библиотеката - собственик Име на библиотеката, в която се намира в момента Статус (Текущо местоположение) Дата на вписване в системата Местоположение - отдел Цена в лева Инвентарен номер Систематично азбучна сигнатура Баркод Номер на екземпляра Цена в евро Служебна бележка Служебен тип на артикула
  Не е изгубен Universal Decimal Classification Не е повреден без рестрикции заемане за дома 363912 Регионална библиотека "Любен Каравелов" Русе Регионална библиотека "Любен Каравелов" Русе Детски отдел 2016-12-21 Детски отдел 10.00 120000806695 ДХ 820/899/Я 67 120000806695 1 5.11 Дост: Pk Вид: Ф N: 475 Дата: 19.12.2016 Графични издания
  Не е изгубен Universal Decimal Classification Не е повреден без рестрикции ползва се в читалня 363913 Регионална библиотека "Любен Каравелов" Русе Регионална библиотека "Любен Каравелов" Русе Хранилище 2018-01-03 Хранилище 10.00 120000818663 Цб І 39123 120000818663 2 5.11 Дост: Dp Вид: Д N: 46 Дата: 19.10.2017 Графични издания
Vip Innovations Ltd, Rousse, Bulgaria 2025